Municipalities of Guangdong Province - Statistics

General Stats
  • This quiz has been taken 233 times
  • The average score is 15 of 21
Answers on the Map
Answers color-coded by a green-red scale on the quiz's map according to % correct below.
 
Answer Stats
Answer % Correct
Guangzhou 广州
99%
Shenzhen 深圳
99%
Dongguan 东莞
91%
Shantou 汕头
88%
Foshan 佛山
85%
Zhuhai 珠海
85%
Zhongshan 中山
80%
Zhanjiang 湛江
74%
Huizhou 惠州
72%
Maoming 茂名
72%
Chaozhou 潮州
69%
Jiangmen 江门
68%
Jieyang 揭阳
61%
Meizhou 梅州
61%
Shanwei 汕尾
58%
Zhaoqing 肇庆
58%
Qingyuan 清远
55%
Shaoguan 韶关
54%
Yangjiang 阳江
49%
Yunfu 云浮
49%
Heyuan 河源
43%
No matching quizzes found
Score Distribution
Percent of People with Each Score
Percentile by Number Answered
Your Score History
You have not taken this quiz